00817 2200289 4500001002100000005001700021008004100038020002200079035002400101040001200125041000800137082001700145084001500162090001700177245010100194260003700295300003100332440001600363650003100379700001800410700002100428710001200449850001200461990001800473990001800491990001800509INLIS00000000003234620171120091728.0  a978-602-252-795-4 0010-111700000000348 aYOPDYOG0 aind042[23]a372.55 a372.55 Gun aK 372.55 Gun1 aGUNTING tempel bersama hello kittyc/ penyusun, Tim EFK; editor, Edith Natasha, Windrati Hapsari aJakartabErlangga For Kidsc2016 a23 hlm.b: ilus.c; 28 cm. aHello Kitty 4aKerajinan dan keterampilan0 aEdith Natasha0 aWindrati Hapsari aTim EFK aYOPDYOG a30400-PD/B.17 a30401-PD/B.17 a30402-PD/B.17